Z pys'mennoj litertury Rusyniv

Bibliographic Details
Main Author: Beskyd, Havryjil (Author)
Format: Article
Language:Ukrainian
PhysicalDescription:Fotogr. 1
Subjects:

MARC

LEADER 00000nab a2200000 a 4500
001 vtls000637836
003 SK-MaSNL
005 20260302185141.0
008 160322c1997 xo 0 ukr
015 |a SNBRB19rr/mm-uuuuu 
035 |a CL0637975 
040 |a SNKBUCL  |b slo  |c SNKBUCL  |e AACR2 
041 0 |a ukr 
044 |a xo  |c SK 
080 |a 943.76-051"1883/1947"  |2 1981 
080 |a 930.1-051  |2 1981 
080 |a 929 Beskyd, Mikuláš  |2 1981 
100 1 |a Beskyd, Havryjil  |4 aut  |9 901306 
245 1 0 |a Z pys'mennoj litertury Rusyniv  |c Havryjil Beskyd 
300 |b Fotogr. 1 
600 1 7 |a Beskyd, Mikuláš,  |d 1883-1947  |2 snkbucl  |9 174519 
655 7 |a články z novín a časopisov  |2 snkbucl  |9 267496 
773 0 |t Narodny novynky  |g Roč. 7, č. 21-22 (1997), s. 4 
850 |a Slovenská národná knižnica v Martine  |a POA001 
852 |a SNK  |b KIS3GCP 
958 |a RN 
958 |a BX 
958 |a SK 
958 |a RK 
958 |a RBX 
999 |c 1428328  |d 1430258